La idea de dios en tiempos rde increencia / [por] Marcos Martínez de Vadillo

Gorde:
Xehetasun bibliografikoak
Egile nagusia: Martínez de Vadillo, Marcos (autor)
Formatua: Liburua
Saila:Col. "Biblioteca basica del creyente" (9)
Gaiak:
Etiketak: Etiketa erantsi
Etiketarik gabe, Izan zaitez lehena erregistro honi etiketa jartzen!

MARC

LEADER 00000nam^a2200000^u^4500
001 000540904
005 20250521000000.0
008 060220s1000^^^^^^^^^^^^r^^^^^000^0^spa^d
009 20260310131212.941
035 |a FMI 000009041 
037 |a Acervo Xavier Clavigero 
096 |a 5.3.5/11/C 
100 |a Martínez de Vadillo, Marcos  |e (autor) 
245 1 3 |a La idea de dios en tiempos rde increencia / [por] Marcos Martínez de Vadillo 
264 |a Madrid : Sociedad de educación atenas, 1986 
300 |a 220 p. 
336 |a texto  |b txt  |2 rdacontenido 
337 |a sin mediación  |b n  |2 rdamedio 
338 |a volumen  |b nc  |2 rdasoporte 
440 0 |a Col. "Biblioteca basica del creyente" (9) 
597 |a Fe y atéismo en nuesto días- 
649 |a XX 
650 |a ATEISMO 
910 |a Fondo Francisco Migoya Covarrubias S.J. 
920 |a Impresos - Libros 
930 |a Fondos Especiales 
905 |a 134 
901 |a SBC17690  |b IT2  |c ESP  |u 20250521 
902 |a https://opac.biblio.iteso.mx/vufind/Record/000540904